000 00241nam a2200097Ia 4500
001 644430
005 20250826153604.0
008 250824s9999 xx 000 0 und d
245 0 _aŞekilli Matematik Sözlüğü
260 _bTÜBİTAK YAYINLARI
999 _c644430
_d644430